Náhrada mzdy za nevyčerpanú dovolenku

Poskytovanie náhrady mzdy za nevyčerpanú dovolenku pracovníkovi, pomerný zárobok, rozhodné obdobie podľa zákonníka práce a zákona o mzde (č.1/1992 Zb.).

Guardado en:
Detalles Bibliográficos
Autor principal: Seidlerová, Anna
Formato: Capítulo de libro
Lenguaje:eslovaco
Materias:
Etiquetas: Agregar Etiqueta
Sin Etiquetas, Sea el primero en etiquetar este registro!

MARC

LEADER 00000naa a2200000 4500
001 r024307
005 20221213113753.4
041 0 |a slo 
044 |a SK 
245 1 0 |a Náhrada mzdy za nevyčerpanú dovolenku  |c Anna Seidlerová 
520 |a Poskytovanie náhrady mzdy za nevyčerpanú dovolenku pracovníkovi, pomerný zárobok, rozhodné obdobie podľa zákonníka práce a zákona o mzde (č.1/1992 Zb.). 
610 2 0 |a náhrada mzdy 
610 2 0 |a dovolenka 
610 2 0 |a zákonník práce 
610 2 0 |a mzdy 
610 2 0 |a zákony 
610 2 0 |a Slovensko 
100 1 |a Seidlerová, Anna